00757nam a2200253Ia 4500008004000000020001800040041000800058082001300066100001700079245004200096250000500138260003900143300001300182650001000195650001400205650001700219650000700236650000800243650000600251690001700257906001100274999001900285952019900304210210b2012 xxu||||| |||| 00| 0 eng d a9788171339945 aeng a576 SHAM aSHARMA (P D) aMicrobiology and plant pathology Ed 3 a aMeerutbRastogi Publicationsc2012 axxv, 754 aplant apathology aMicrobiology aEd aand a3 aMicrobiology a068171 c152437d152437 001040708MicrobiologyaALbALcMicrobiologyd2021-02-17eSapna Book House Pvt Ltd, K S Rao Road, Mangalore-575001g495.00l1o576 SHAMp068171r2022-03-02 00:00:00s2022-02-25w2021-02-17yBK